[Event "Doeberl Cup 57th"]
[Site "Canberra"]
[Date "2019.04.19"]
[Round "3"]
[White "Goh, Ethan"]
[Black "Lane, Gary William"]
[Result "0-1"]
[WhiteElo "1824"]
[BlackElo "2357"]
[PlyCount "106"]
[EventDate "2019.04.18"]
[EventType "swiss"]
[EventRounds "9"]
[EventCountry "AUS"]
[SourceTitle "CBM 189 Extra"]
[Source "ChessBase"]
[SourceDate "2019.06.03"]
[SourceVersion "1"]
[SourceVersionDate "2019.06.03"]
[SourceQuality "1"]

1. d4 f5 2. g3 Nf6 3. Bg2 g6 4. Nf3 Bg7 5. 0-0 0-0 6. c4 d6 7. Nc3 Nc6 8. d5 Na5 9. Nd2 c5 10. a3 Bd7 11. Rb1 Rc8 12. e3 a6 13. Qe2 Qe8 14. Re1 b5 15. b3 Rb8 16. b4 cxb4 17. axb4 Nxc4 18. Nxc4 Rc8 19. Nxd6 exd6 20. Bd2 Ng4 21. Rb3 Rc7 22. f4 Qc8 23. Qd3 Re8 24. Bf3 Nf6 25. Kg2 Rc4 26. Ra1 Ne4 27. Raa3 a5 28. Ne2 a4 29. Rb1 Nxd2 30. Qxd2 Rc2 31. Qd3 Bb2 32. Ra2 a3 33. Rxa3 Bxa3 34. Qxa3 Qc4 35. Kf2 Ra2 36. Qb3 Rc8 37. Qd1 Qc2 38. Qe1 Rc4 39. h4 h5 40. Ra1 Qa4 41. Rb1 Qa3 42. Qd1 Qa4 43. Qe1 Qa3 44. Qd1 Rxb4 45. Rc1 Rc4 46. Rxc4 bxc4 47. Qd4 Qc5 48. Qf6 Be8 49. Qe7 Bf7 50. Kg1 c3 51. Qd8+ Kg7 52. Nd4 c2 53. Nxf5+ Kh7 0-1

[Event "Auckland Trusts op 41st"]
[Site "Auckland"]
[Date "2018.06.04"]
[Round "5"]
[White "Goh, Ethan"]
[Black "Lee, Edward"]
[Result "1-0"]
[WhiteElo "1840"]
[BlackElo "2053"]
[PlyCount "95"]
[EventDate "2018.06.02"]
[EventType "swiss"]
[EventRounds "6"]
[EventCountry "NZL"]
[SourceTitle "EXT 2019"]
[Source "ChessBase"]
[SourceDate "2018.10.10"]
[SourceVersion "1"]
[SourceVersionDate "2018.10.10"]
[SourceQuality "1"]

1. d4 g6 2. Nf3 Bg7 3. c4 c5 4. d5 d6 5. Nc3 Bxc3+ 6. bxc3 Qa5 7. Qb3 Nf6 8. e3 0-0 9. Bd3 e6 10. 0-0 b5 11. cxb5 exd5 12. c4 Be6 13. Bd2 Qc7 14. Ng5 dxc4 15. Bxc4 d5 16. Be2 Nbd7 17. Bc3 h6 18. Qb2 Ng4 19. Nf3 f6 20. Bd3 Bf7 21. a4 Nde5 22. Nxe5 Nxe5 23. Be2 Be6 24. a5 Rab8 25. f4 Nd7 26. Rfd1 c4 27. Bd4 Nc5 28. Bxf6 Nb3 29. b6 axb6 30. a6 Ra8 31. Ra3 b5 32. Be5 Qb6 33. Rxb3 cxb3 34. Bd4 Qxa6 35. Qxb3 Rfb8 36. Be5 Rb7 37. Ra1 Qxa1+ 38. Bxa1 Rxa1+ 39. Kf2 b4 40. Qd3 Kf7 41. Bh5 gxh5 42. Qh7+ Kf6 43. Qxb7 Rb1 44. Qb8 b3 45. Qe5+ Kf7 46. f5 Bd7 47. Qxd5+ Ke8 48. Qe4+ 1-0

[Event "Penang op-A 9th"]
[Site "Penang"]
[Date "2017.12.08"]
[Round "8"]
[White "Loo, Hsien Rong Evan"]
[Black "Goh, Ethan"]
[Result "1/2-1/2"]
[WhiteElo "1565"]
[BlackElo "1915"]
[PlyCount "92"]
[EventDate "2017.12.04"]
[EventType "swiss"]
[EventRounds "9"]
[EventCountry "MAS"]
[SourceTitle "CBM 182 Extra"]
[Source "ChessBase"]
[SourceDate "2018.02.23"]
[SourceVersion "1"]
[SourceVersionDate "2018.02.23"]
[SourceQuality "1"]

1. e4 c5 2. Nf3 g6 3. Bc4 Bg7 4. 0-0 Nc6 5. Re1 d6 6. c3 Nf6 7. Bb5 Bd7 8. d4 cxd4 9. cxd4 0-0 10. Bxc6 Bxc6 11. Nc3 Rc8 12. b3 b5 13. a3 Qb6 14. b4 Rfd8 15. Bb2 Qb7 16. d5 Be8 17. Qd2 Rc4 18. Rac1 Rdc8 19. Qd3 Nd7 20. h3 a6 21. Qd2 R8c7 22. Na2 Rxc1 23. Rxc1 Bxb2 24. Qxb2 Rxc1+ 25. Qxc1 Kg7 26. Qc3+ Nf6 27. Nc1 Bd7 28. Nb3 e6 29. Na5 Qb6 30. Nc6 e5 31. Nd2 Ng8 32. Kf1 Qc7 33. Nb3 Nf6 34. Nd2 Ng8 35. Nb3 Kf8 36. Qc2 f5 37. f3 Nf6 38. Nd2 Qb6 39. Qc3 Qc7 40. Qc2 f4 41. Nb3 Nh5 42. Ke1 Ng3 43. Ncd4 Qb6 44. Ne2 Qe3 45. Qb2 Nxe2 46. Qxe2 Qxb3 1/2-1/2

[Event "Penang op-A 9th"]
[Site "Penang"]
[Date "2017.12.07"]
[Round "6"]
[White "Greenwood, Martin"]
[Black "Goh, Ethan"]
[Result "0-1"]
[WhiteElo "1523"]
[BlackElo "1915"]
[PlyCount "82"]
[EventDate "2017.12.04"]
[EventType "swiss"]
[EventRounds "9"]
[EventCountry "MAS"]
[SourceTitle "CBM 182 Extra"]
[Source "ChessBase"]
[SourceDate "2018.02.23"]
[SourceVersion "1"]
[SourceVersionDate "2018.02.23"]
[SourceQuality "1"]

1. d4 d5 2. Bf4 Nf6 3. e3 c5 4. c3 Nc6 5. Bd3 Qb6 6. Qc2 c4 7. Be2 Bf5 8. Qc1 e6 9. Nf3 h6 10. Bd1 a5 11. Bc2 Bxc2 12. Qxc2 Nh5 13. Bg3 Nxg3 14. hxg3 Qc7 15. Nbd2 b5 16. e4 b4 17. 0-0 Be7 18. exd5 exd5 19. Rfe1 0-0 20. Ne5 Bd6 21. Ndf3 a4 22. Nxc6 Qxc6 23. Ne5 Qc7 24. Qf5 a3 25. bxa3 bxc3 26. Qf3 Rxa3 27. Qxd5 Bxe5 28. Rxe5 Rd8 29. Qe4 Qa7 30. Re8+ Rxe8 31. Qxe8+ Kh7 32. Qe4+ g6 33. Qd5 Qb7 34. Rb1 c2 35. Rxb7 c1Q+ 36. Kh2 Ra7 37. Rc7 Rxc7 38. Qd6 Ra7 39. d5 Qa3 40. Qc6 c3 41. d6 c2 0-1

[Event "Penang op 8th"]
[Site "Penang"]
[Date "2016.12.05"]
[Round "1"]
[White "Tan, Fischer"]
[Black "Goh, Ethan"]
[Result "0-1"]
[WhiteElo "1408"]
[BlackElo "1619"]
[PlyCount "74"]
[EventDate "2016.12.05"]
[EventType "swiss"]
[EventRounds "9"]
[EventCountry "MAS"]
[SourceTitle "CBM 176 Extra"]
[Source "ChessBase"]
[SourceDate "2017.03.02"]
[SourceVersion "1"]
[SourceVersionDate "2017.03.02"]
[SourceQuality "1"]

1. g3 c5 2. Bg2 Nc6 3. e3 e5 4. d3 g6 5. Ne2 Bg7 6. Nd2 Nge7 7. a3 0-0 8. Rb1 a5 9. Nb3 a4 10. Nd2 d5 11. c4 Be6 12. cxd5 Bxd5 13. 0-0 Bxg2 14. Kxg2 Qxd3 15. Nc3 b5 16. Nde4 Qxd1 17. Rxd1 b4 18. Nd5 c4 19. axb4 Nxd5 20. Rxd5 Nxb4 21. Rc5 Rfc8 22. Ra1 Rxc5 23. Nxc5 Nd3 24. Nxd3 cxd3 25. e4 f5 26. b3 fxe4 27. bxa4 Bf8 28. Bd2 Bc5 29. a5 Rf8 30. Rf1 Rf6 31. h3 Kf7 32. Bg5 Ra6 33. Bd2 Ke6 34. g4 Kd5 35. Kg3 Rf6 36. g5 Rf5 37. h4 e3 0-1

[Event "Asia-chT Cup U14"]
[Site "Jiaxing"]
[Date "2016.11.07"]
[Round "2.2"]
[White "Poormosavi, Seyed Kian"]
[Black "Goh, Ethan"]
[Result "1-0"]
[WhiteElo "2016"]
[BlackElo "1755"]
[PlyCount "117"]
[EventDate "2016.11.06"]
[EventType "swiss"]
[EventRounds "9"]
[EventCountry "CHN"]
[SourceTitle "EXT 2021"]
[Source "ChessBase"]
[SourceDate "2020.10.23"]
[SourceVersion "1"]
[SourceVersionDate "2020.10.23"]
[SourceQuality "1"]

1. e4 c5 2. Nf3 d6 3. d4 cxd4 4. Nxd4 Nf6 5. Nc3 g6 6. f4 Nc6 7. Nxc6 bxc6 8. e5 Nd7 9. exd6 exd6 10. Be3 Nf6 11. Qd2 Be7 12. 0-0-0 0-0 13. h3 d5 14. g4 Qa5 15. Bd4 Rb8 16. Bg2 Qa3 17. Nb1 Qxa2 18. Rde1 Bd8 19. f5 Nd7 20. Bc3 Bf6 21. Bxf6 Nxf6 22. Qc3 Nd7 23. h4 c5 24. Qa3 Qxa3 25. Nxa3 gxf5 26. gxf5 Nf6 27. Re5 Bb7 28. Nb5 a6 29. Nc7 d4 30. Bxb7 Rxb7 31. Nd5 Nxd5 32. Rxd5 Rfb8 33. Rg1+ Kf8 34. b3 c4 35. f6 Rb6 36. Rdg5 Ke8 37. Rg8+ Kd7 38. Rxb8 Rxb8 39. bxc4 Ke6 40. Rg7 Rc8 41. Kd2 Kxf6 42. Rg5 Rxc4 43. Ra5 Rc6 44. Kd3 Rd6 45. Ke4 h6 46. Rf5+ Ke6 47. Rh5 Ke7 48. Rc5 Ke6 49. Rh5 Kd7 50. Rf5 Kc6 51. Rxf7 a5 52. Ra7 Kb5 53. Rh7 a4 54. Ke5 Kc4 55. Kxd6 Kc3 56. Rc7+ Kb2 57. Kd5 a3 58. Kxd4 a2 59. Ra7 1-0

[Event "NZL-ch Major op"]
[Site "Devonport"]
[Date "2016.01.09"]
[Round "8"]
[White "Song, Kate"]
[Black "Goh, Ethan"]
[Result "1-0"]
[WhiteElo "1587"]
[BlackElo "1668"]
[PlyCount "119"]
[EventDate "2016.01.02"]
[EventType "swiss"]
[EventRounds "9"]
[EventCountry "NZL"]
[SourceTitle "EXT 2018"]
[Source "ChessBase"]
[SourceDate "2017.10.13"]
[SourceVersion "1"]
[SourceVersionDate "2017.10.13"]
[SourceQuality "1"]

1. e4 c5 2. Nf3 e6 3. d4 cxd4 4. Nxd4 Nc6 5. Nc3 Qc7 6. Ndb5 Qb8 7. a3 a6 8. Nd4 Nf6 9. Be2 Be7 10. 0-0 0-0 11. Be3 b5 12. f4 Bc5 13. Kh1 Qb6 14. Nxc6 dxc6 15. Bxc5 Qxc5 16. Bf3 Bb7 17. Qe2 a5 18. Rfd1 e5 19. fxe5 Qxe5 20. Rd2 b4 21. axb4 axb4 22. Rxa8 Rxa8 23. Nd1 c5 24. c3 Nxe4 25. Bxe4 Qxe4 26. Qxe4 Bxe4 27. cxb4 cxb4 28. Kg1 f5 29. Kf2 Rc8 30. Ne3 b3 31. g3 Kf7 32. h4 Ke6 33. Ke2 h6 34. Rd4 g5 35. hxg5 hxg5 36. Rb4 f4 37. Rxe4+ Kf6 38. gxf4 gxf4 39. Rxf4+ Ke5 40. Rb4 Rh8 41. Rxb3 Ke4 42. Rb4+ Ke5 43. b3 Ra8 44. Rc4 Ra2+ 45. Nc2 Kd5 46. Kd3 Rb2 47. Kc3 Rb1 48. b4 Rc1 49. Rc5+ Kd6 50. Kb3 Rb1+ 51. Ka4 Rb2 52. Ne3 Ra2+ 53. Kb5 Ra8 54. Nc4+ Ke7 55. Rc7+ Kd8 56. Rb7 Ra2 57. Kb6 Rc2 58. Ne5 Kc8 59. Nc6 Rb2 60. Rc7# 1-0

[Event "Penang op-B 7th"]
[Site "Penang"]
[Date "2015.12.12"]
[Round "9"]
[White "Mohd Radzuan, Muhd Harith Farhan"]
[Black "Goh, Ethan"]
[Result "1/2-1/2"]
[WhiteElo "1618"]
[BlackElo "1445"]
[PlyCount "61"]
[EventDate "2015.12.07"]
[EventType "swiss"]
[EventRounds "9"]
[EventCountry "MAS"]
[SourceTitle "CBM 170 Extra"]
[Source "ChessBase"]
[SourceDate "2016.02.25"]
[SourceVersion "1"]
[SourceVersionDate "2016.02.25"]
[SourceQuality "1"]

1. e4 e5 2. Nf3 Nc6 3. Bc4 Bc5 4. b4 Bxb4 5. c3 Be7 6. d4 d6 7. Qb3 Na5 8. Bxf7+ Kf8 9. Qa4 Kxf7 10. Qxa5 exd4 11. cxd4 c6 12. Qa4 Nf6 13. Qb3+ d5 14. Ng5+ Kf8 15. e5 Ne4 16. Qf3+ Ke8 17. Qf7+ Kd7 18. e6+ Kc7 19. Nxe4 dxe4 20. Bg5 Re8 21. Nd2 b6 22. Bf4+ Kb7 23. Be5 e3 24. fxe3 Bxe6 25. Qf3 Rf8 26. Qe2 Bf6 27. Nf3 Bg4 28. Bxf6 Qxf6 29. 0-0 Rae8 30. Rae1 Qe6 31. a4 1/2-1/2